[Event "36. Copenhagen Open (Politiken Cup)"]
[Site "Elsinore"]
[Date "2014.07.23"]
[Round "4"]
[White "Edouard, Romain"]
[Black "Rasmussen, Allan Stig"]
[Result "1/2-1/2"]
[WhiteElo "2679"]
[BlackElo "2522"]
[PlyCount "55"]
[EventDate "2014.07.21"]
[EventType "swiss"]
[EventRounds "10"]
[EventCountry "DEN"]
[Source "ChessBase"]
[SourceDate "2014.08.29"]

1. d4 f5 2. g3 Nf6 3. Bg2 g6 4. Nf3 Bg7 5. O-O O-O 6. c4 d6 7. Nc3 c6 8. d5 e5
9. dxe6 Bxe6 10. b3 Na6 11. Be3 Qe7 12. Nd4 Bf7 13. Qd2 Rad8 14. Bg5 Nc5 15.
Rad1 Rfe8 16. Rfe1 Qf8 17. b4 h6 18. Bxf6 Bxf6 19. Nxc6 bxc6 20. bxc5 dxc5 21.
Qc1 Bxc3 22. Qxc3 Rxe2 23. Bxc6 Rd4 24. Rxe2 Rxd1+ 25. Kg2 Rd4 26. Qa3 Qd6 27.
Bf3 a6 28. Qe3 1/2-1/2

[Event "36. Copenhagen Open (Politiken Cup)"]
[Site "Elsinore"]
[Date "2014.07.23"]
[Round "4"]
[White "Eriksson, Kristian"]
[Black "Schultz Pedersen, Jesper"]
[Result "1-0"]
[WhiteElo "2058"]
[BlackElo "2235"]
[PlyCount "69"]
[EventDate "2014.07.21"]
[EventType "swiss"]
[EventRounds "10"]
[EventCountry "DEN"]
[Source "ChessBase"]
[SourceDate "2014.08.29"]

1. e4 Nc6 2. Nf3 e6 3. d4 d5 4. e5 f6 5. Bd3 Qe7 6. O-O Bd7 7. c3 Nh6 8. b4 Qf7
9. Bxh6 gxh6 10. b5 Na5 11. Nbd2 Be7 12. Re1 f5 13. Nb3 Nxb3 14. axb3 O-O 15.
Qe2 Kh8 16. Ra2 Rg8 17. Rea1 Raf8 18. Rxa7 Bc8 19. Ra8 f4 20. Kh1 Rg7 21. Rb8
Rfg8 22. Raa8 Bd7 23. Rxg8+ Rxg8 24. Rxg8+ Qxg8 25. h3 Qa8 26. Qd2 Qf8 27. Kh2
Be8 28. Qc2 Qg7 29. Qa2 Bg6 30. Qa8+ Qf8 31. Qxf8+ Bxf8 32. Ne1 Ba3 33. Bxg6
hxg6 34. Nd3 g5 35. b4 1-0

[Event "36. Copenhagen Open (Politiken Cup)"]
[Site "Elsinore"]
[Date "2014.07.23"]
[Round "4"]
[White "Evertsson, Lennart"]
[Black "Nordin, Eric"]
[Result "1-0"]
[WhiteElo "2196"]
[BlackElo "1852"]
[PlyCount "83"]
[EventDate "2014.07.21"]
[EventType "swiss"]
[EventRounds "10"]
[EventCountry "DEN"]
[Source "ChessBase"]
[SourceDate "2014.08.29"]

1. c4 c5 2. Nc3 Nc6 3. g3 Nf6 4. Bg2 g6 5. Nf3 Bg7 6. d4 cxd4 7. Nxd4 O-O 8.
Nc2 d6 9. O-O Be6 10. b3 Qd7 11. Re1 Bh3 12. Bh1 Ng4 13. Bb2 Qf5 14. f3 Qc5+
15. e3 Nf6 16. Qd2 Rac8 17. Rad1 Rfd8 18. Qf2 a5 19. Nd4 d5 20. Na4 Qd6 21. Nb5
Qe6 22. Nc5 Qf5 23. Nxb7 Rd7 24. Nc5 Rdd8 25. cxd5 Nb4 26. Bxf6 Bxf6 27. e4 Qe5
28. Nd3 Qb8 29. Nxb4 axb4 30. Nd4 Bd7 31. f4 Bxd4 32. Rxd4 Rc3 33. Bg2 Rdc8 34.
Bf1 Rc2 35. Rd2 Rxd2 36. Qxd2 Qa7+ 37. Qf2 Qxf2+ 38. Kxf2 Rc2+ 39. Re2 Rc1 40.
Rd2 f6 41. Bc4 Kf8 42. Ke3 1-0

[Event "36. Copenhagen Open (Politiken Cup)"]
[Site "Elsinore"]
[Date "2014.07.23"]
[Round "4"]
[White "Fossan, Andreas"]
[Black "Rosell, Sven"]
[Result "1/2-1/2"]
[WhiteElo "1712"]
[BlackElo "1985"]
[PlyCount "89"]
[EventDate "2014.07.21"]
[EventType "swiss"]
[EventRounds "10"]
[EventCountry "DEN"]
[Source "ChessBase"]
[SourceDate "2014.08.29"]

1. d4 Nf6 2. c4 g6 3. Nc3 Bg7 4. e4 d6 5. f3 O-O 6. Bg5 c5 7. d5 e6 8. Qd2 exd5
9. cxd5 Qa5 10. Nb5 Qb6 11. Bd3 Nbd7 12. Nc3 Ne5 13. Rb1 a6 14. Nge2 Nfd7 15.
O-O c4+ 16. Be3 Qc7 17. Bc2 b5 18. a3 Nc5 19. Bd4 Bd7 20. f4 Bh6 21. Qd1 Ned3
22. b4 Nb7 23. Bxd3 cxd3 24. Qxd3 Rfc8 25. Rbc1 Qd8 26. Ng3 Qh4 27. Qe3 a5 28.
Nce2 axb4 29. axb4 Qe7 30. Bb2 f5 31. Qd4 Bg7 32. Qxg7+ Qxg7 33. Bxg7 Kxg7 34.
exf5 gxf5 35. Nd4 Kf6 36. Rfe1 Nd8 37. Nf1 Nf7 38. Nd2 Nh6 39. h3 Ng8 40. Nc6
Ra4 41. Nb3 Bxc6 42. Rxc6 Rxc6 43. dxc6 Rxb4 44. Na5 Rb2 45. Nb7 1/2-1/2

[Event "36. Copenhagen Open (Politiken Cup)"]
[Site "Elsinore"]
[Date "2014.07.23"]
[Round "4"]
[White "Fossan, Benjamin"]
[Black "Degerfeldt, Sven"]
[Result "1-0"]
[WhiteElo "1676"]
[BlackElo "1920"]
[PlyCount "79"]
[EventDate "2014.07.21"]
[EventType "swiss"]
[EventRounds "10"]
[EventCountry "DEN"]
[Source "ChessBase"]
[SourceDate "2014.08.29"]

1. e4 c5 2. Nf3 d6 3. Bb5+ Bd7 4. Bxd7+ Qxd7 5. O-O Nc6 6. Re1 g6 7. Nc3 Bg7 8.
b3 e6 9. Bb2 Nge7 10. Na4 e5 11. Nc3 O-O 12. Ne2 f5 13. Ng3 f4 14. Ne2 b5 15.
c3 b4 16. a3 bxc3 17. dxc3 h6 18. b4 c4 19. Nd2 Qe6 20. Qa4 Rac8 21. b5 Nd8 22.
Qxa7 Nf7 23. Qa4 g5 24. Qc2 g4 25. f3 Ng5 26. Rf1 h5 27. a4 h4 28. Kh1 g3 29.
Ng1 h3 30. Rfb1 Qh6 31. Nf1 Ng6 32. gxh3 Nh4 33. hxg3 fxg3 34. Nxg3 Nhxf3 35.
Nf5 Rxf5 36. exf5 e4 37. Qg2 Be5 38. Bc1 Kh8 39. Nxf3 exf3 40. Qg4 1-0

[Event "36. Copenhagen Open (Politiken Cup)"]
[Site "Elsinore"]
[Date "2014.07.23"]
[Round "4"]
[White "Fossan, Petter"]
[Black "Nielsen, Jan Mose"]
[Result "1-0"]
[WhiteElo "2257"]
[BlackElo "2078"]
[PlyCount "95"]
[EventDate "2014.07.21"]
[EventType "swiss"]
[EventRounds "10"]
[EventCountry "DEN"]
[Source "ChessBase"]
[SourceDate "2014.08.29"]

1. e4 e5 2. Nf3 Nc6 3. Bc4 Nf6 4. d3 Bc5 5. c3 a6 6. O-O d6 7. Bb3 Ba7 8. Be3
Bxe3 9. fxe3 O-O 10. Nbd2 Na5 11. Bc2 c5 12. Qe1 b5 13. a3 Nc6 14. d4 h6 15.
Kh1 Qe7 16. Qg3 Bd7 17. b4 c4 18. a4 Nh5 19. Qf2 Qf6 20. Qe1 Qd8 21. Bd1 g6 22.
Nh4 Ng7 23. Qg3 Qg5 24. Qe1 Qd8 25. Be2 Ne7 26. g4 Kh7 27. Qg3 f6 28. Rf2 g5
29. Nf5 Ngxf5 30. gxf5 Be8 31. h4 Rg8 32. Rh2 Bf7 33. Qh3 g4 34. Bxg4 a5 35.
Nf3 h5 36. Ng5+ fxg5 37. hxg5 Rxg5 38. Bxh5 Rxh5 39. Rg1 Ng8 40. Rg6 Bxg6 41.
fxg6+ Kxg6 42. Qxh5+ Kg7 43. Qh7+ Kf8 44. Rf2+ Nf6 45. Qg6 Ke7 46. Qg7+ Ke6 47.
Rxf6+ Qxf6 48. d5# 1-0

[Event "36. Copenhagen Open (Politiken Cup)"]
[Site "Elsinore"]
[Date "2014.07.23"]
[Round "4"]
[White "Franzen, Per Erik"]
[Black "Krantz, Christopher"]
[Result "0-1"]
[WhiteElo "2050"]
[BlackElo "2219"]
[PlyCount "94"]
[EventDate "2014.07.21"]
[EventType "swiss"]
[EventRounds "10"]
[EventCountry "DEN"]
[Source "ChessBase"]
[SourceDate "2014.08.29"]

1. d4 d5 2. Nf3 Nf6 3. Bf4 e6 4. e3 c5 5. c3 Nc6 6. Be2 Bd6 7. Bxd6 Qxd6 8.
Nbd2 O-O 9. O-O e5 10. dxe5 Nxe5 11. Nxe5 Qxe5 12. Nf3 Qe7 13. Qc2 Bg4 14. Rad1
Rfd8 15. Rfe1 h6 16. Nh4 Be6 17. Nf5 Qc7 18. Ng3 Rac8 19. Qa4 a6 20. Bf3 Rd7
21. b3 Rcd8 22. Ne2 Ne4 23. c4 Ng5 24. Bxd5 Bxd5 25. cxd5 Rxd5 26. Rxd5 Rxd5
27. Nf4 Rd8 28. h4 Nh7 29. Qc4 b5 30. Qc2 Nf6 31. Rc1 Rc8 32. Qf5 c4 33. bxc4
bxc4 34. Nd5 Nxd5 35. Qxd5 c3 36. Rc2 Rb8 37. g3 Rb2 38. Qd3 Rxc2 39. Qxc2 Qc4
40. h5 Kf8 41. f4 Ke7 42. Kf2 f5 43. Ke1 Kd6 44. g4 fxg4 45. e4 g3 46. e5+ Kc5
47. e6 Qxe6+ 0-1

[Event "36. Copenhagen Open (Politiken Cup)"]
[Site "Elsinore"]
[Date "2014.07.23"]
[Round "4"]
[White "Frederiksen Kristian, Pade"]
[Black "Preuss, Flemming"]
[Result "1/2-1/2"]
[WhiteElo "1828"]
[BlackElo "2015"]
[PlyCount "120"]
[EventDate "2014.07.21"]
[EventType "swiss"]
[EventRounds "10"]
[EventCountry "DEN"]
[Source "ChessBase"]
[SourceDate "2014.08.29"]

1. c4 f5 2. g3 Nf6 3. Bg2 d6 4. Nc3 e5 5. e3 c6 6. d4 e4 7. d5 c5 8. Nge2 Nbd7
9. Nf4 Ne5 10. h4 g6 11. b3 Qe7 12. Bb2 Bg7 13. O-O O-O 14. f3 exf3 15. Bxf3
Re8 16. Qd2 Nxf3+ 17. Rxf3 Bd7 18. Re1 Ng4 19. Re2 Bf6 20. Ne6 Rac8 21. e4 Ne5
22. Rf1 Bxe6 23. dxe6 Qxe6 24. exf5 gxf5 25. Qd5 Qxd5 26. Nxd5 Bg7 27. Kg2 Nc6
28. Rxe8+ Rxe8 29. Bxg7 Kxg7 30. Rxf5 Re2+ 31. Kh3 Rxa2 32. Kg4 Ne5+ 33. Kh5
Rg2 34. Rg5+ Kf7 35. Kh6 Rb2 36. Rg7+ Ke6 37. Rxb7 Nxc4 38. Nf4+ Kf6 39. Nd5+
Ke5 40. Re7+ Kxd5 41. bxc4+ Kxc4 42. Rxa7 d5 43. g4 d4 44. g5 d3 45. h5 d2 46.
Rd7 Kc3 47. Kxh7 Rb7 48. Rxb7 d1=Q 49. h6 Qd5 50. Rg7 c4 51. Kg6 Qe6+ 52. Kh5
Qe5 53. Kg6 Kc2 54. h7 c3 55. h8=Q Qe6+ 56. Kh7 Qh3+ 57. Kg8 Qc8+ 58. Kh7 Qh3+
59. Kg8 Qc8+ 60. Kh7 Qh3+ 1/2-1/2

[Event "36. Copenhagen Open (Politiken Cup)"]
[Site "Elsinore"]
[Date "2014.07.23"]
[Round "4"]
[White "Fricano, Paul Royal"]
[Black "Rasmussen, Henning1"]
[Result "1-0"]
[WhiteElo "2013"]
[BlackElo "1826"]
[PlyCount "79"]
[EventDate "2014.07.21"]
[EventType "swiss"]
[EventRounds "10"]
[EventCountry "DEN"]
[Source "ChessBase"]
[SourceDate "2014.08.29"]

1. Nf3 Nf6 2. b3 g6 3. Bb2 Bg7 4. e4 d6 5. Bc4 O-O 6. Qe2 e5 7. d3 c6 8. b4 b5
9. Bb3 Na6 10. a3 Nc7 11. O-O Be6 12. c4 h6 13. Nbd2 a5 14. c5 dxc5 15. Nxe5
axb4 16. axb4 Rxa1 17. Rxa1 cxb4 18. Nxc6 Qd6 19. e5 Qxc6 20. exf6 Re8 21. fxg7
Bxb3 22. Ne4 Nd5 23. Qd2 g5 24. h4 Qc2 25. hxg5 Qxd2 26. Nxd2 Ba4 27. gxh6 Kh7
28. Ne4 Kxh6 29. g3 f6 30. Kg2 Kxg7 31. Rh1 Nc3 32. Nd6 Rh8 33. Re1 Rd8 34.
Re7+ Kg6 35. Re6 Bb3 36. Nb7 Rxd3 37. Rb6 Bc4 38. Nd6 Bd5+ 39. Kh3 Be4 40. Kh4
1-0

[Event "36. Copenhagen Open (Politiken Cup)"]
[Site "Elsinore"]
[Date "2014.07.23"]
[Round "4"]
[White "Gajic, Mladen"]
[Black "Schmied, Andreas"]
[Result "0-1"]
[WhiteElo "2201"]
[BlackElo "2018"]
[PlyCount "98"]
[EventDate "2014.07.21"]
[EventType "swiss"]
[EventRounds "10"]
[EventCountry "DEN"]
[Source "ChessBase"]
[SourceDate "2014.08.29"]

1. d4 d5 2. Nc3 Nf6 3. Bf4 c6 4. Qd2 Bf5 5. f3 e6 6. g4 Bg6 7. h4 h6 8. Nh3 Bd6
9. e3 Qe7 10. Bxd6 Qxd6 11. Nf4 Nbd7 12. O-O-O Nf8 13. Bh3 O-O-O 14. Rdg1 Kb8
15. h5 Bh7 16. g5 hxg5 17. Rxg5 Ne8 18. Nfe2 f6 19. Rg2 e5 20. Rhg1 Ne6 21.
dxe5 fxe5 22. Bxe6 Qxe6 23. Rg5 Qf6 24. Na4 Bf5 25. Nc5 Rh7 26. f4 exf4 27. Nd4
Bc8 28. Qb4 Ka8 29. Rg6 Qe7 30. exf4 Rxh5 31. Re1 Qf7 32. f5 Rxf5 33. Nxf5 Qxg6
34. Ne7 Qg5+ 35. Kb1 Nd6 36. Na6 Rd7 37. Nxc6 Nc4 38. Qf8 Nd6 39. Nab8 Qg3 40.
Rc1 Rf7 41. Qd8 bxc6 42. Nxc6 Rd7 43. Qa5 Nc4 44. Qa4 Qc7 45. Nd4 Re7 46. Qb4
Qb7 47. Qxb7+ Kxb7 48. b3 Ne3 49. Re1 Nf5 0-1

[Event "36. Copenhagen Open (Politiken Cup)"]
[Site "Elsinore"]
[Date "2014.07.23"]
[Round "4"]
[White "Green, Per"]
[Black "Abrahamyan, Tatev"]
[Result "0-1"]
[WhiteElo "1984"]
[BlackElo "2366"]
[PlyCount "64"]
[EventDate "2014.07.21"]
[EventType "swiss"]
[EventRounds "10"]
[EventCountry "DEN"]
[Source "ChessBase"]
[SourceDate "2014.08.29"]

1. Nf3 c5 2. c4 Nc6 3. d4 cxd4 4. Nxd4 Nf6 5. Nc3 e6 6. g3 Qb6 7. Ndb5 Ne5 8.
b3 a6 9. Nd4 d5 10. e3 dxc4 11. bxc4 Qc7 12. Qb3 Be7 13. Na4 Nfd7 14. f4 Nc6
15. Be2 O-O 16. O-O Bf6 17. Bb2 Na5 18. Qb4 e5 19. Nf3 Nc6 20. Qb3 exf4 21.
exf4 Bxb2 22. Qxb2 Qa5 23. Nc3 Nf6 24. Rad1 Bh3 25. Nd5 Qc5+ 26. Kh1 Ne4 27.
Nd4 Bxf1 28. Bxf1 Nxd4 29. Rxd4 Rfe8 30. Nb6 Rad8 31. Rd5 Rxd5 32. Nxd5 b5 0-1

[Event "36. Copenhagen Open (Politiken Cup)"]
[Site "Elsinore"]
[Date "2014.07.23"]
[Round "4"]
[White "Greeuw, Sietske"]
[Black "Bratveit, Kristoffer"]
[Result "1/2-1/2"]
[WhiteElo "1949"]
[BlackElo "1724"]
[PlyCount "30"]
[EventDate "2014.07.21"]
[EventType "swiss"]
[EventRounds "10"]
[EventCountry "DEN"]
[Source "ChessBase"]
[SourceDate "2014.08.29"]

1. e4 Nf6 2. e5 Nd5 3. d4 d6 4. Nf3 Nc6 5. Bc4 Nb6 6. Bxf7+ Kxf7 7. Ng5+ Kg8 8.
e6 Qe8 9. Qf3 g6 10. d5 Ne5 11. Qe4 Bh6 12. O-O c6 13. Nc3 cxd5 14. Nxd5 Nxd5
15. Qxd5 Qc6 1/2-1/2

[Event "36. Copenhagen Open (Politiken Cup)"]
[Site "Elsinore"]
[Date "2014.07.23"]
[Round "4"]
[White "Hagesaether, Arne"]
[Black "Andersen, Guttorm"]
[Result "1-0"]
[WhiteElo "2145"]
[BlackElo "1845"]
[PlyCount "47"]
[EventDate "2014.07.21"]
[EventType "swiss"]
[EventRounds "10"]
[EventCountry "DEN"]
[Source "ChessBase"]
[SourceDate "2014.08.29"]

1. e4 e5 2. f4 d5 3. exd5 exf4 4. Nf3 Qxd5 5. Nc3 Qa5 6. d4 Bb4 7. Bxf4 Nf6 8.
Bd3 Bxc3+ 9. bxc3 Qxc3+ 10. Bd2 Qc6 11. O-O O-O 12. Ne5 Qa4 13. Rf4 g5 14. Bb5
Qxb5 15. Rxf6 Nd7 16. Qh5 Nxe5 17. Qxg5+ Kh8 18. dxe5 Rg8 19. Qf4 Qd5 20. g3
Bh3 21. Qf2 Rad8 22. Bc3 Qd1+ 23. Rxd1 Rxd1+ 24. Be1 1-0

[Event "36. Copenhagen Open (Politiken Cup)"]
[Site "Elsinore"]
[Date "2014.07.23"]
[Round "4"]
[White "Hallerod, Ralph"]
[Black "Ochsner, Bjorn Moller"]
[Result "0-1"]
[WhiteElo "2126"]
[BlackElo "2318"]
[PlyCount "118"]
[EventDate "2014.07.21"]
[EventType "swiss"]
[EventRounds "10"]
[EventCountry "DEN"]
[Source "ChessBase"]
[SourceDate "2014.08.29"]

1. d4 Nf6 2. c4 g6 3. Nc3 Bg7 4. e4 d6 5. Be2 O-O 6. Be3 e5 7. dxe5 dxe5 8.
Qxd8 Rxd8 9. Nd5 Nxd5 10. cxd5 c6 11. Bc4 b5 12. Bb3 Bb7 13. dxc6 Nxc6 14. Bd5
Rxd5 15. exd5 Nb4 16. Kf1 Bxd5 17. b3 e4 18. Rd1 Be6 19. Ne2 Nxa2 20. Rb1 Bg4
21. Nd4 Nc3 22. Rc1 Bxd4 23. Bxd4 Ne2 24. Rd1 Rd8 25. h3 Ng3+ 26. fxg3 Bxd1 27.
Bxa7 Bxb3 28. Ke2 Bc2 29. Rc1 Bd3+ 30. Ke3 b4 31. Bd4 b3 32. Bf6 Rb8 33. Bb2
Bc2 34. g4 f5 35. g5 Re8 36. g3 Rd8 37. Ra1 Rd7 38. Ra8+ Kf7 39. Ra6 Ke7 40.
Bf6+ Ke8 41. Ra8+ Kf7 42. Ra6 Rb7 43. Bb2 Ke7 44. h4 Rd7 45. Bf6+ Kf7 46. Kf4
Rd5 47. Ra7+ Ke6 48. Ra8 Rb5 49. Bb2 Rb7 50. Ke3 Rd7 51. Ra6+ Kd5 52. Ra8 Kc6
53. Rc8+ Kb7 54. Rh8 Bd1 55. Be5 Rd3+ 56. Kf2 e3+ 57. Kg2 e2 58. Rxh7+ Ka6 59.
Kf2 Rf3+ 0-1

[Event "36. Copenhagen Open (Politiken Cup)"]
[Site "Elsinore"]
[Date "2014.07.23"]
[Round "4"]
[White "Hansen, Anders1"]
[Black "Andersen, Daniel"]
[Result "0-1"]
[WhiteElo "1735"]
[BlackElo "1967"]
[PlyCount "80"]
[EventDate "2014.07.21"]
[EventType "swiss"]
[EventRounds "10"]
[EventCountry "DEN"]
[Source "ChessBase"]
[SourceDate "2014.08.29"]

1. b3 f5 2. Bb2 e6 3. e4 fxe4 4. Qh5+ Ke7 5. Ne2 Nf6 6. Qh4 d5 7. Nf4 Kf7 8.
Be2 Be7 9. Qg3 Rg8 10. Nh3 h6 11. O-O Nbd7 12. f4 g6 13. Nf2 c5 14. Ng4 Nxg4
15. Bxg4 Nf6 16. Bh3 Nh5 17. Qe3 Ng7 18. g4 h5 19. f5 gxf5 20. Kh1 hxg4 21.
Bxg4 Bd7 22. d3 Bc6 23. dxe4 d4 24. Qe2 Bf6 25. Bf3 fxe4 26. Bxe4 Bxe4+ 27.
Qxe4 Qd5 28. Nd2 Ke7 29. Rae1 Rad8 30. Nf3 Nf5 31. Ba3 Ne3 32. Qxd5 Rxd5 33.
Rf2 Rf5 34. Ree2 Kd6 35. Ne1 Rxf2 36. Rxf2 Bh4 37. Re2 Bxe1 38. Rxe1 Nxc2 39.
Bxc5+ Kxc5 40. Rc1 d3 0-1

[Event "36. Copenhagen Open (Politiken Cup)"]
[Site "Elsinore"]
[Date "2014.07.23"]
[Round "4"]
[White "Hansen, Tommy"]
[Black "Mottonen, Ari"]
[Result "1/2-1/2"]
[WhiteElo "1797"]
[BlackElo "2000"]
[PlyCount "25"]
[EventDate "2014.07.21"]
[EventType "swiss"]
[EventRounds "10"]
[EventCountry "DEN"]
[Source "ChessBase"]
[SourceDate "2014.08.29"]

1. e4 e5 2. Nf3 Nf6 3. d4 Nxe4 4. Bd3 d5 5. Nxe5 Bd6 6. Nc3 Nxc3 7. bxc3 Nd7 8.
Nxd7 Bxd7 9. O-O O-O 10. Qh5 f5 11. Re1 Qf6 12. Bg5 Qf7 13. Qxf7+ 1/2-1/2

[Event "36. Copenhagen Open (Politiken Cup)"]
[Site "Elsinore"]
[Date "2014.07.23"]
[Round "4"]
[White "Haug, Johannes"]
[Black "Jensen, Soren"]
[Result "1-0"]
[WhiteElo "2136"]
[BlackElo "1922"]
[PlyCount "65"]
[EventDate "2014.07.21"]
[EventType "swiss"]
[EventRounds "10"]
[EventCountry "DEN"]
[Source "ChessBase"]
[SourceDate "2014.08.29"]

1. e4 Nc6 2. d4 e5 3. Nf3 exd4 4. Nxd4 Qf6 5. Nb5 Bc5 6. Qe2 Qd8 7. Qg4 Nf6 8.
Nxc7+ Qxc7 9. Qxg7 Qe5 10. Qxh8+ Ke7 11. f3 d5 12. Nc3 dxe4 13. Nxe4 Bf2+ 14.
Ke2 Nd4+ 15. Kd1 Qxe4 16. Qxf6+ Kxf6 17. fxe4 Bg4+ 18. Kd2 Rd8 19. Bd3 Ke6 20.
h3 Bh5 21. b3 Bg3 22. Rf1 Nc6 23. Bb2 Nb4 24. a3 Nxd3 25. cxd3 Rg8 26. Bd4 b6
27. Rac1 Bd6 28. g4 Bg6 29. b4 h5 30. g5 h4 31. Bf6 a5 32. Rc6 axb4 33. e5 1-0

[Event "36. Copenhagen Open (Politiken Cup)"]
[Site "Elsinore"]
[Date "2014.07.23"]
[Round "4"]
[White "Helin, Mikael"]
[Black "Kaasen, Tor Fredrik"]
[Result "0-1"]
[WhiteElo "1885"]
[BlackElo "1676"]
[PlyCount "122"]
[EventDate "2014.07.21"]
[EventType "swiss"]
[EventRounds "10"]
[EventCountry "DEN"]
[Source "ChessBase"]
[SourceDate "2014.08.29"]

1. e4 c5 2. c4 Nc6 3. Nc3 g6 4. g3 Bg7 5. Bg2 Nf6 6. Nge2 O-O 7. h3 d6 8. O-O
Be6 9. d3 Qc8 10. Kh2 h5 11. f4 Kh7 12. f5 gxf5 13. Nf4 Rh8 14. Ncd5 Kg8 15.
Be3 h4 16. e5 hxg3+ 17. Kxg3 dxe5 18. Nxf6+ Bxf6 19. Nxe6 Qxe6 20. Kh2 e4 21.
Bf4 Bxb2 22. Rb1 Be5 23. Kh1 Bxf4 24. Rxf4 Rd8 25. Qg1 Kf8 26. dxe4 fxe4 27.
Qe3 Rd3 28. Qxe4 Qxe4 29. Rxe4 b6 30. Rbe1 e6 31. a4 Rd4 32. R4e3 Na5 33. Rf1
Ke7 34. Ref3 Rf8 35. Rf4 Rxc4 36. Rg4 Rxg4 37. hxg4 Rh8+ 38. Kg1 Nc4 39. Rf4
Ne5 40. g5 Rg8 41. a5 bxa5 42. Ra4 Rxg5 43. Rxa5 f5 44. Kf2 f4 45. Rxa7+ Kf6
46. Ra6 Nd3+ 47. Kf1 Re5 48. Bf3 Re3 49. Be2 f3 50. Bxd3 Rxd3 51. Rc6 Rc3 52.
Kf2 Ke5 53. Ra6 Kd5 54. Ra1 e5 55. Rd1+ Ke4 56. Rd2 Kf4 57. Kf1 e4 58. Kg1 Rc1+
59. Kh2 e3 60. Rd8 e2 61. Rf8+ Ke3 0-1

[Event "36. Copenhagen Open (Politiken Cup)"]
[Site "Elsinore"]
[Date "2014.07.23"]
[Round "4"]
[White "Henningsen, Lasse"]
[Black "Hedlerfog, Robert"]
[Result "1-0"]
[WhiteElo "1830"]
[BlackElo "1678"]
[PlyCount "84"]
[EventDate "2014.07.21"]
[EventType "swiss"]
[EventRounds "10"]
[EventCountry "DEN"]
[Source "ChessBase"]
[SourceDate "2014.08.29"]

1. d4 c6 2. c4 Qc7 3. Nc3 d6 4. e4 e5 5. Be3 Nf6 6. f3 Be7 7. Bd3 Nbd7 8. Nge2
Nf8 9. O-O Ng6 10. b4 O-O 11. d5 a6 12. Qb3 cxd5 13. cxd5 Bd7 14. Rfc1 Qb8 15.
Na4 Bxa4 16. Qxa4 b5 17. Qb3 Bd8 18. Kh1 Ne7 19. a4 Bb6 20. Bd2 Ba7 21. axb5
axb5 22. Ra5 Bb6 23. Rxa8 Qxa8 24. Bxb5 Rc8 25. Bc3 g5 26. Ra1 Qb8 27. Bd2 h6
28. Rc1 Rf8 29. Bd3 Kh7 30. g3 Rg8 31. Kg2 Ba7 32. Rf1 Ng6 33. Kh1 Qc8 34. b5
Qh3 35. Ng1 Bxg1 36. Rxg1 Nh5 37. b6 g4 38. Be2 Nh4 39. Qe3 Rg5 40. fxg4 Rxg4
41. Bxg4 Qxg4 42. b7 Nxg3+ 1-0

[Event "36. Copenhagen Open (Politiken Cup)"]
[Site "Elsinore"]
[Date "2014.07.23"]
[Round "4"]
[White "Hillarp Persson, Tiger"]
[Black "Ikeda, Junta"]
[Result "1/2-1/2"]
[WhiteElo "2564"]
[BlackElo "2402"]
[PlyCount "107"]
[EventDate "2014.07.21"]
[EventType "swiss"]
[EventRounds "10"]
[EventCountry "DEN"]
[Source "ChessBase"]
[SourceDate "2014.08.29"]

1. d4 Nf6 2. c4 e6 3. Nc3 Bb4 4. Qc2 c5 5. dxc5 O-O 6. a3 Bxc5 7. Nf3 b6 8. Bf4
Bb7 9. Rd1 Nc6 10. h3 Re8 11. e3 Rc8 12. Be2 h6 13. O-O a5 14. Bh2 Qe7 15. Rd2
d6 16. Rfd1 Red8 17. Na4 e5 18. Nh4 g6 19. Nxc5 bxc5 20. Nxg6 fxg6 21. Qxg6+
Qg7 22. Qxg7+ Kxg7 23. Rxd6 Rxd6 24. Rxd6 Rc7 25. f4 exf4 26. Bxf4 Rd7 27. Bf3
Rxd6 28. Bxd6 Nd7 29. Kf2 a4 30. Bd1 Nb6 31. Bxc5 Nxc4 32. Bxa4 Nxb2 33. Bxc6
Nd3+ 34. Kg3 Bxc6 35. Bd4+ Kg6 36. Kh2 h5 37. g4 h4 38. Bc3 Kh6 39. Bf6 Ne1 40.
Bxh4 Nc2 41. Be7 Nxe3 42. Kg3 Kg6 43. Bc5 Nd5 44. Bd4 Bd7 45. Kf3 Kg5 46. Kg3
Kg6 47. Bb2 Ne3 48. Kf4 Nxg4 49. hxg4 Bxg4 50. Kxg4 Kf7 51. a4 Ke7 52. a5 Kd7
53. a6 Kc7 54. Bd4 1/2-1/2

[Event "36. Copenhagen Open (Politiken Cup)"]
[Site "Elsinore"]
[Date "2014.07.23"]
[Round "4"]
[White "Hinrichs, Jan"]
[Black "Matthiesen, Martin"]
[Result "1-0"]
[WhiteElo "2124"]
[BlackElo "2316"]
[PlyCount "77"]
[EventDate "2014.07.21"]
[EventType "swiss"]
[EventRounds "10"]
[EventCountry "DEN"]
[Source "ChessBase"]
[SourceDate "2014.08.29"]

1. d4 Nf6 2. c4 g6 3. g3 Bg7 4. Bg2 O-O 5. Nf3 d6 6. Nc3 c6 7. O-O Qa5 8. e4 e5
9. h3 Nbd7 10. d5 cxd5 11. exd5 Nb6 12. Nd2 Bd7 13. Qe2 Rac8 14. a3 Qc5 15. b3
Rfe8 16. Nde4 Qc7 17. Bg5 Nh5 18. g4 Nf4 19. Qf3 f5 20. gxf5 gxf5 21. Nf6+ Bxf6
22. Bxf6 Ng6 23. h4 Nxc4 24. bxc4 Qxc4 25. Rac1 Kf7 26. Bg5 Kg8 27. h5 Nh4 28.
Qg3 Nxg2 29. Bh6+ Qg4 30. Qxg4+ fxg4 31. Kxg2 Rc4 32. Ne2 Bb5 33. Ng3 Rd4 34.
Rc7 Bc4 35. Nf5 Bxd5+ 36. Kg1 Rd3 37. Bg7 Bf7 38. Bf6 Bxh5 39. Nh6+ 1-0

[Event "36. Copenhagen Open (Politiken Cup)"]
[Site "Elsinore"]
[Date "2014.07.23"]
[Round "4"]
[White "Hobber, Anders"]
[Black "Poulsen, Iver"]
[Result "1/2-1/2"]
[WhiteElo "2315"]
[BlackElo "2092"]
[PlyCount "62"]
[EventDate "2014.07.21"]
[EventType "swiss"]
[EventRounds "10"]
[EventCountry "DEN"]
[Source "ChessBase"]
[SourceDate "2014.08.29"]

1. d4 d5 2. c4 e6 3. Nc3 c6 4. e3 Nf6 5. Nf3 Nbd7 6. Qc2 Bd6 7. b3 O-O 8. Be2
e5 9. cxd5 Nxd5 10. Nxd5 cxd5 11. dxe5 Nxe5 12. O-O Nxf3+ 13. Bxf3 Qh4 14. h3
Bxh3 15. Rd1 Rac8 16. Qd2 Be6 17. Bb2 Qh2+ 18. Kf1 Be5 19. Bxe5 Qxe5 20. Rac1
Rxc1 21. Rxc1 b6 22. Kg1 g6 23. g3 Rd8 24. Rd1 h5 25. Qb4 Rd7 26. Bg2 Qb2 27.
Qa4 Qc2 28. Rd4 Qc1+ 29. Kh2 Qc2 30. Kg1 Qc1+ 31. Kh2 Qc2 1/2-1/2

[Event "36. Copenhagen Open (Politiken Cup)"]
[Site "Elsinore"]
[Date "2014.07.23"]
[Round "4"]
[White "Hoi, Carsten"]
[Black "Jorgensen, Dennis"]
[Result "1/2-1/2"]
[WhiteElo "2401"]
[BlackElo "2216"]
[PlyCount "28"]
[EventDate "2014.07.21"]
[EventType "swiss"]
[EventRounds "10"]
[EventCountry "DEN"]
[Source "ChessBase"]
[SourceDate "2014.08.29"]

1. d4 Nf6 2. Nf3 e6 3. Bg5 c5 4. e3 cxd4 5. exd4 b6 6. Bd3 Bb7 7. O-O Be7 8. c4
d6 9. Nc3 Nbd7 10. Re1 O-O 11. Bxf6 Nxf6 12. d5 e5 13. h3 Ne8 14. g4 g6 1/2-1/2

[Event "36. Copenhagen Open (Politiken Cup)"]
[Site "Elsinore"]
[Date "2014.07.23"]
[Round "4"]
[White "Hojgaard, Brandur"]
[Black "Rasmussen, Lars"]
[Result "1-0"]
[WhiteElo "1779"]
[BlackElo "1984"]
[PlyCount "85"]
[EventDate "2014.07.21"]
[EventType "swiss"]
[EventRounds "10"]
[EventCountry "DEN"]
[Source "ChessBase"]
[SourceDate "2014.08.29"]

1. d4 d5 2. Nf3 Nf6 3. Bf4 c5 4. c3 Qb6 5. Qc2 cxd4 6. cxd4 Nc6 7. e3 Bd7 8. a3
Rc8 9. Nc3 e6 10. Bd3 Ne4 11. Bxe4 dxe4 12. Nd2 f5 13. O-O Ne7 14. Qb1 Ng6 15.
Bg3 Bd6 16. Rc1 O-O 17. b4 Bxg3 18. hxg3 Ne7 19. Qb3 Rf6 20. Nc4 Qc7 21. Ne5
Nd5 22. Ne2 Qd8 23. Nf4 Nxf4 24. gxf4 Rh6 25. g3 Bb5 26. Qd1 Qe8 27. Rxc8 Qxc8
28. a4 Bc6 29. Rc1 Qe8 30. b5 Bd5 31. Rc7 Rf6 32. Qc1 Rf8 33. Qc5 Kh8 34. Qxa7
h6 35. Qc5 Kh7 36. a5 Rg8 37. b6 Qa8 38. Kg2 Kh8 39. Qe7 Qxa5 40. Qf7 Qxb6 41.
Rd7 Bc6 42. Qg6 Bxd7 43. Nf7# 1-0